Hổ phù: Kịch lịch sử năm màn

में बचाया:
ग्रंथसूची विवरण
मुख्य लेखक: Quách Mạt Nhược
स्वरूप: पुस्तक
भाषा:Undetermined
प्रकाशित: Hà Nội Văn hóa 1961
विषय:
टैग : टैग जोड़ें
कोई टैग नहीं, इस रिकॉर्ड को टैग करने वाले पहले व्यक्ति बनें!
Thư viện lưu trữ: Trung tâm Học liệu Trường Đại học Cần Thơ
LEADER 00529nam a2200181Ia 4500
001 CTU_8276
008 210402s9999 xx 000 0 und d
082 |a 895.12 
082 |b Nh557 
100 |a Quách Mạt Nhược 
245 0 |a Hổ phù: 
245 0 |b Kịch lịch sử năm màn 
245 0 |c Quách Mạt Nhược, Hồ Lãng 
260 |a Hà Nội 
260 |b Văn hóa 
260 |c 1961 
650 |a chinese drama - 20th century 
980 |a Trung tâm Học liệu Trường Đại học Cần Thơ